000 02155aam a2200325 i 4500
001 768714001
003 CO-MdFUSB
005 20211216165605.0
007 ta
008 211216t1976 -us |||| |||| 00| 0 eng d
020 _a0851510760
_qVolumen I
020 _a0851511821
040 _bspa.
_aCO-MdFUSB
_cCO-MdFUSB
_dCO-MdFUSBC
_erda
041 _aeng
082 0 4 _a286.1
_223
_bS7723a
100 1 _aSpurgeon, C. H. (Charles Haddon) (1834-1892)
_eautor
245 1 0 _aC.H. Spurgeon :
_bautobiography
_c/ C. H. Spurgeon
264 1 _aCarlisle, PA., USA :
_bThe Banner of Truth Trust,
_c[1976]
264 4 _c© 1976
300 _a562 páginas
_c; 23 cm
336 _atexto
_btxt
_2rdacontent
337 _2rdamedia
_asin mediación
_bn
338 _2rdacarrier
_avolumen
_bnc
505 _aVol. I : The early years 1834-1859:Infancia en Stambourne - Casa de reuniones de Stanbourne - Incidentes de la infancia - Recuerdos de los días escolares - Impresiones religiosas tempranas - "A través de muchas tribulaciones" - El gran cambio - conversión - Experiencias después de la conversión - Cartas al padre y madre - Diario: abril a junio de 1850 - Una buena confesión - Comenzar a servir al Señor - Una defensa del calvinismo - El niño predicador de los pantanos - El joven ganador de almas en Waterbeach - La mano del Señor detrás el error de la criada - Recuerdos como pastor de aldea - Servicios memorables fuera de Waterbeach - La llamada a Londres - Comenzó el largo pastorado - Amor, noviazgo y matrimonio - Primeras críticas y calumnias - Renacimiento en New Park Street - Primeros amigos literarios - "En labores más abundantes" - Buscando las almas de los hombres - Una nueva escuela de los profetas - Primeras obras impresas - Vida matrimonial temprana - La gran catástrofe - Varias voces a favor y en contra - El presagio de la controversia del "grado inferior" - "Casa de Helensburgh" y jardín - Servicios entre semana - Servicios posteriores en el music hall. Vol. II : The full harvest 1860-1892
563 _aTapa dura
650 7 _9409
_aBiografía
942 _cBK
945 _aJTF-925
999 _c38917
_d38917